000 00628nam a2200181 i 4500
001 100244
003 ES-MaACL
005 20230906182633.0
007 t|
008 050923s1955 sp ||||1| spa d
100 1 _aMartínez-Viademonte, José Agustín.
_978478
245 1 4 _aLos procesos penales de la postguerra
_b: (documentos para la historia contemporánea) /
_cJosé Agustín Martínez.
250 _a1ª ed.
260 _aMadrid :
_bEPESA [Ediciones y Publicaciones Españolas],
_c1955.
300 _a433 p. ;
_c21 cm.
650 0 0 _aGuerra mundial, 1939-1945-
_xConsecuencias.
_9172039
852 _aES-MaACL
_jC-10083
999 _c100244
_d100244